Actas de ponencias del V Simposio Nacional de Arte Rupestre : (Registro nro. 11866)

Detalles MARC
000 -LEADER
campo de control de longitud fija 04981cam a22005534i 4500
003 - IDENTIFICADOR DE NÚMERO DE CONTROL
campo de control PE-LiUPU
005 - FECHA Y HORA DE LA ÚLTIMA TRANSACCIÓN
campo de control 20250731183352.0
008 - DATOS DE LONGITUD FIJA--INFORMACIÓN GENERAL
campo de control de longitud fija 160329s2015 pe ab b 100 0 spa c
020 ## - NÚMERO INTERNACIONAL ESTÁNDAR DEL LIBRO
Número Internacional Estándar del Libro 9789972923975
Información calificativa (pbk.)
020 ## - NÚMERO INTERNACIONAL ESTÁNDAR DEL LIBRO
Número Internacional Estándar del Libro 9972923975
Información calificativa (pbk.)
035 ## - NÚMERO DE CONTROL DEL SISTEMA
Número de control de sistema (Sirsi) i9789972923975
040 ## - FUENTE DE CATALOGACIÓN
Centro catalogador/agencia de origen IQU
Lengua de catalogación spa
Normas de descripción rda
Centro/agencia transcriptor IQU
Centro/agencia modificador STF
-- OCLCO
-- OCLCA
-- NOC
-- OCLCF
-- OCLCO
-- COO
-- PE-LiUPU
Normas de descripción rda
049 ## - FONDOS LOCALES (OCLC)
Biblioteca depositaria PRUA
050 #4 - SIGNATURA TOPOGRÁFICA DE LA BIBLIOTECA DEL CONGRESO
Número de clasificación F3429.3.P47
Número de ítem S56 2013
082 #4 - NÚMERO DE LA CLASIFICACIÓN DECIMAL DEWEY
Número de clasificación 707
Cutter S5
Número de edición 20
111 2# - ENTRADA PRINCIPAL--NOMBRE DE CONGRESO/REUNIÓN
Nombre de congreso/reunión o jurisdicción como elemento de entrada Simposio Nacional de Arte Rupestre
Número del congreso/reunión o número de parte o sección (5th :
Fecha del congreso o de la firma del tratado 2013 :
Sede del congreso/Lugar de la reunión Lima, Peru)
245 00 - MENCIÓN DEL TÍTULO
Título Actas de ponencias del V Simposio Nacional de Arte Rupestre :
Resto del título SINAR "Eloy Lináres Málaga" /
Mención de responsabilidad, etc. Alberto Bueno Mendoza, Pieter D. Van Dalen Luna, Yuri Cavero Palomino, Hans Grados Rodríguez y Roy J. Lazo Pérez, editores.
250 ## - MENCION DE EDICION
Mención de edición Primera edición.
264 #1 - PRODUCCIÓN, PUBLICACIÓN, DISTRIBUCIÓN, FABRICACIÓN Y COPYRIGHT
Producción, publicación, distribución, fabricación y copyright Lima :
Nombre del de productor, editor, distribuidor, fabricante Universidad Nacional Mayor de San Marcos :
-- Museo de Arqueología y Antropología de San Marcos,
Fecha de producción, publicación, distribución, fabricación o copyright 2015.
300 ## - DESCRIPCIÓN FÍSICA
Extensión 395 páginas :
Otras características físicas ilustraciones ;
Dimensiones 25 centímetros.
336 ## - TIPO DE CONTENIDO
-- ext
Fuente rdacontent
337 ## - TIPO DE MEDIO
-- nmediated
Fuente rdamedia
338 ## - TIPO DE SOPORTE
-- olume
Fuente rdacarrier
504 ## - NOTA DE BIBLIOGRAFÍA, ETC.
Nota de bibliografía, etc. Bibliografía : págiinas 388-389.
505 0# - NOTA DE CONTENIDO CON FORMATO
Nota de contenido con formato -- El geoglifo espiralado del valle de Huarmey, Perú / Ronal Ayala Castillo -- Las quilchas de la Galgada, secuencia y cronología / Gori Echevarría López y Alberto Bueno Mendoza -- El arte rupestre de Diablo Qaqa, anexo de Cararca, distrito de Cochabamba, Huaycaybamba, Huánuco / Miller Malpartido Gamarra -- Las quilcas de la cuenca de alto Huamuco, amazonía de Huánuco, cuenca del río Huallaga, Cholón / Pieter van Dalen Luna -- Los geologlifos de Acre y Rondônia de la Amazonía brasileña / Alfredo Altamirano Enciso y Odón Rosales Huatuco -- Las quilcas del Morro da Guia, Cabo Frio, Brasil / Alfredo Altamirano Encisco -- Programa eco-educativo Puerta al pasado: quilcas, una forma de acercar el pasado al presente / Maritza Tovar -- La evolución del arte rupestre / José Onofre Mayta.
505 0# - NOTA DE CONTENIDO CON FORMATO
Nota de contenido con formato Arquitectura cusco imperial con figuraciones zoomorfas en el complejo arqueológico de Pumaqocha, Vischongo, Ayacucho / Roberto Tello Cuadros -- Arte rupestre en el abrigo de Capillamachay en el antiplano de Junín / Obdulio Chuco Arias -- Arte rupestre en el valle de Chincha: petroglifos en el sitio arqueológico de Baya / Wilber Saucedo Olano -- El arte rupestre de Huaycán de Cieneguilla y la recuperación de la piedra con tacitas del Parque Santa Rosa, valle del río Lurín, Costa Central de Perú / Mario Ramos Vargas -- Cúpulas de la quebrada Quilca, Pacaybamba, Huaral / Pieter van Dalen Luna y Jakeline Romero Rodríguez -- Las cúpulas del complejo arqueológico de Rupac, Huaral / Pieter van Dalen Luna, Miller Malpartida Gamarra y Hans Grado Rodríguez -- Gorgor: primates en el arte rupestre andino / Arturo Ruiz Estrada
505 0# - NOTA DE CONTENIDO CON FORMATO
Nota de contenido con formato Una propuesta para la secuencia de tipos de escritura en la costa central del Perú / Pedro Vargas Nalvarte y Gori Echevarría López -- El precerámico en el valle de Ayacucho / Ismael Pérez Calderoń -- La escritura Inca: orígenes posibles y significados / Gail Silverman -- Reconocimiento de nuevos sitios de arte rupestre en el distrito de Ituata, provincia de Carabaya - Puno: zona suroriental del Perú / Julio Aroquipa -- Los petroglifos de Chillihuay: la imagen antropomofa (del formativo al periodo de integración Wari) / Daniel Chumpitaz Llerena y Maritza Rodríguez Cerrón -- Allwanso, un sitio con pinturas rupestres tardías en Huaquirca, Antabamba, región Apurímac / Pieter van Dalen Luna -- Paisaje, pinturas y formas de vida doméstica en las punas de la cuenca del Pampas, Ayacucho / Ismael Pérez Calderón -- Estudio de artefactos óseos del centro ceremonial formativo de Campanayuq Rumi, Vilcashuamán, Ayacucho / Yuri Cavero, Yuichi Matsumoto y Hilda Bellido --
526 ## - NOTA DE INFORMACIÓN SOBRE EL PROGRAMA DE ESTUDIO
Nombre del programa Maestría Bim Facility Management (A distancia)
526 ## - NOTA DE INFORMACIÓN SOBRE EL PROGRAMA DE ESTUDIO
Nombre del programa
526 ## - NOTA DE INFORMACIÓN SOBRE EL PROGRAMA DE ESTUDIO
Nombre del programa Educación musical y artes
526 ## - NOTA DE INFORMACIÓN SOBRE EL PROGRAMA DE ESTUDIO
Nombre del programa Educación, especialidad educación física
526 ## - NOTA DE INFORMACIÓN SOBRE EL PROGRAMA DE ESTUDIO
Nombre del programa Arquitectura
541 ## - NOTA DE FUENTE DE ADQUISICIÓN DIRECTA
-- 060-0024019:
596 ## -
-- 1
600 14 - PUNTO DE ACCESO ADICIONAL DE MATERIA--NOMBRE DE PERSONA
Nombre de persona Lináres Málaga, Eloy,
Fechas asociadas al nombre 1926-2011
Subdivisión general Aniversarios, etc.
650 14 - PUNTO DE ACCESO ADICIONAL DE MATERIA--TÉRMINO DE MATERIA
Término de materia o nombre geográfico como elemento de entrada Arte prehistórico
Subdivisión geográfica Perú
Subdivisión de forma Congresos.
650 24 - PUNTO DE ACCESO ADICIONAL DE MATERIA--TÉRMINO DE MATERIA
Término de materia o nombre geográfico como elemento de entrada Pinturas rupestres
Subdivisión geográfica Perú
Subdivisión de forma Congresos.
650 24 - PUNTO DE ACCESO ADICIONAL DE MATERIA--TÉRMINO DE MATERIA
Término de materia o nombre geográfico como elemento de entrada Petroglifos
Subdivisión geográfica Perú
Subdivisión de forma Congresos.
650 24 - PUNTO DE ACCESO ADICIONAL DE MATERIA--TÉRMINO DE MATERIA
Término de materia o nombre geográfico como elemento de entrada Geoglifos
Subdivisión geográfica Perú
Subdivisión de forma Congresos.
700 1# - ENTRADA AGREGADA--NOMBRE PERSONAL
Nombre de persona Bueno Mendoza, Alberto,
Término indicativo de función/relación editor.
700 1# - ENTRADA AGREGADA--NOMBRE PERSONAL
Nombre de persona Cavero Palomino, Yuri Igor,
Término indicativo de función/relación editor.
700 1# - ENTRADA AGREGADA--NOMBRE PERSONAL
Nombre de persona Dalen Luna, Pieter D. van
Forma completa/desarrollada del nombre (Pieter Dennis van),
Fechas asociadas al nombre 1979-,
Término indicativo de función/relación editor.
700 1# - ENTRADA AGREGADA--NOMBRE PERSONAL
Nombre de persona Grados Rodríguez, Hans,
Término indicativo de función/relación editor.
700 1# - ENTRADA AGREGADA--NOMBRE PERSONAL
Nombre de persona Lazo Pérez, Roy J.,
Término indicativo de función/relación editor.
942 ## - ELEMENTOS DE ENTRADA SECUNDARIOS (KOHA)
Fuente del sistema de clasificación o colocación Clasificación Decimal Dewey
Tipo de ítem Koha
949 ## - PROCESAMIENTO DE INFORMACIÓN LOCAL (OCLC)
a 707 S5
w DEWEY
c 1
i 74455
l CCODEBUL1
m BUL
p 16.37
r 0
s Y
t BOOK
u 2016-8-12
x INGENIERIA
-- P06
0 COMPRA
o .STAFF. Colección General
994 ## -
-- C0
-- PEPRU
999 ## - NÚMEROS DE CONTROL DE SISTEMA (KOHA)
-- DEWEY
-- 74455
-- 2021-11-9
-- 7
-- CCODEBUL1
-- BUL
-- 16.37
-- 0
-- Y
-- BOOK
-- 2016-8-12
-- INGENIERIA
-- P06
-- COMPRA
-- .STAFF. Colección General
980 ## - EQUIVALENCIA O REFERENCIA-CRUZADA-MENCIÓN DE SERIE--NOMBRE DE PERSONA/TÍTULO [LOCAL, CANADÁ]
ID del último usuario que modificó el registro 1
Nombre del último usuario que modificó el registro ALBERTO SANCHEZ Responsable de Automatización
Existencias
Visto por última vez Número de inventario Total de préstamos Signatura topográfica completa Código de barras Copia número Coste, precio de reemplazo Fecha de reemplazo Facultad Tipo de ítem Koha Nota pública Estado de pérdida Fuente del sistema de clasificación o colocación Restricciones de uso No para préstamo Colección Programa académico Biblioteca de origen Biblioteca actual Ubicación en estantería Fecha de adquisición Fuente de adquisición Coste, precio normal de compra
2025-12-03 8   707 S5 74455 e1 21.37 2016-08-12 FIA Libros físicos inventario-2023-12-13 No Perdido Clasificación Decimal Dewey No restringido Disponible para préstamos Colección General Arquitectura Biblioteca CRAI UPeU Lima Biblioteca CRAI UPeU Lima Sala principal 2016-08-12 COMPRA 16.37